00000000cas 2200000zi 4500
0019.944105
003CaOODSP
00520251230111800
006m     o  d f      
007cr cn ||||||||
008241015c20249999oncar p o    f0###b0fre|d
022 |a2818-7768
040 |aCaOODSP|bfre|erda|cCaOODSP
043 |an-cn---
0861 |aCP100-10F-PDF
1101 |aCanada. |bSecrétariat du Comité des parlementaires sur la sécurité nationale et le renseignement, |eauteur, |eorganisme de publication.
222 0|aRapport sur la stratégie ministérielle de développement durable de ... |b(Canada. Sécretariat du Comité des parlementaires sur la sécurité nationale et le renseignement)
24510|aRapport sur la stratégie ministérielle de développement durable de ... / |cSecrétariat du Comité des parlementaires sur la sécurité nationale et le renseignement.
264 1|aOttawa, ON : |bSécretariat du Comité des parlementaires sur la sécurité nationale et le renseignement, |c[2024]-
310 |aAnnuel
336 |atexte|btxt|2rdacontent/fre
337 |ainformatique|bc|2rdamedia/fre
338 |aressource en ligne|bcr|2rdacarrier/fre
3621 |aParaît depuis : 2023 à 2024.
500 |aPublié aussi en anglais sous le titre : ... departmental sustainable development strategy report.
588 |aDescription d'après : 2023 à 2024; titre de la page couverture du fichier PDF.
588 |aDernière livraison consultée : 2023 à 2024.
61026|aComité des parlementaires sur la sécurité nationale et le renseignement (Canada) |vPériodiques.
650 6|aDéveloppement durable|xPolitique gouvernementale|zCanada|vPériodiques.
655 7|aPériodiques|2rvmgf
77508|t... departmental sustainable development strategy report / |w(CaOODSP)9.944104